00729 a2200205 4500003000500000005001700005010001600022020002400038040000900062082001600071100002000087245009500107250003400202260006200236300002500298505008900323650003800412650005300450700002000503Nust20230317093423.0 a 86062718 a0136378773 (pbk.) : cNust00a621.395,OPE aJerald G.Graeme00aOperational amplifiers :bdesign and applications /cJerald G.Graeme and Gene E Tobey (Ed) aInternational student edition aEnglewood Cliffs, N.J. :bTechnipubs/Prentice Hall,c1971 a471pbill. ;c28 cm. aPart.1 Design (Page-3), Part.2 Application (Page-201), Part.3 Appendices (Page-427). 0aOperational amplifiersxCatalogs. 0aOperational amplifiersxHandbooks, manuals, etc.1 aHelms, Harry L.